| 000 | 00806nam a22002297a 4500 | ||
|---|---|---|---|
| 001 | 85822 | ||
| 005 | 20260420151957.0 | ||
| 007 | ta | ||
| 008 | 260420s2026 sp ||||| |||| 00| 0 spa d | ||
| 017 |
_aM-9616-2026 _bDepósito Legal Oficial Madrid |
||
| 040 |
_aM-RABA _bspa _cM-RABA |
||
| 245 | 0 | 0 | _aSesión extraordinaria, pública y solemne, en memoria del Excmo. Sr. D. Joaquín Soriano |
| 260 |
_aMadrid _b: Real Academia de Bellas Artes de San Fernando _c, 2026 |
||
| 300 |
_a14 p. _b21 cm |
||
| 518 | _a13 de octubre de 2025 | ||
| 610 | 0 |
_aReal Academia de Bellas Artes de San Fernando.- _vNecrológicas _9109812 |
|
| 700 | 1 |
_aSoriano, Joaquín ( _d1941-2025) _937740 |
|
| 710 | 2 |
_aReal Academia de Bellas Artes de San Fernando. _975832 |
|
| 852 | _jNE-25 | ||
| 852 | _jNE-26 | ||
| 942 |
_cFONDOMODER _n0 |
||
| 999 |
_c85822 _d85822 |
||